00956cam a22002531 4500001001300000003000400013005001700017008004100034010001700075035002000092040002700112042001200139050002300151082001100174110004300185245017500228260004900403300001700452490004200469500006900511650002500580830008000605999001700685med47001928 DLC20260227111604.0840521s1947 dcu f000 0 eng  amed47001928  a(OCoLC)10756229 aDLCcMdU-HdMdU-HdDLC apremarc00aRA11b.B154 no. 38 a615.361 aUnited States.bPublic Health Service.00aDating decision number 10: the dating periods recommended for those biologic products specified in the Biologics Section of the Public Health Service Act of July 1, 1944. a[Washington,bU.S. Govt. Print. Off.,c1947] a7 p.c24 cm.1 aIts Miscellaneous publicationvno. 38 a"Supersede[s] Dating decision number 9 issued January 25, 1943." 0aBiological products. 0aMiscellaneous publication (United States. Public Health Service) ;vno. 38. c38464d38464